000 01093nam a22003137a 4500
003 CHAP
005 20220329134536.0
008 971013s1974 r 00010 d
010 _a21901
011 _a22873
035 _a26968
040 _cCHAP
090 _aTesis
100 0 0 _aBournigal Mena, Otto Andrés.
_914788
245 _aPrueba de adaptación y rendimiento de una variedad de colza forrajera (Brassica campestris) en 7 diferentes épocas de siembra
260 _aMonterrey, N. L. :
_bEl autor,
_c1974
300 _a45 h.
502 _aTesis (Ing. Agrónomo) -- Universidad Autónoma de Nuevo León. Facultad de Agronomía
590 _aALEPH
_b10
_c20130110
_lUCH01
_h1246
590 _aBATCH-UPD
_b10
_c20130110
_lUCH01
_h2210
590 _aBATCH-UPD
_b10
_c20130410
_lUCH01
_h1513
590 _aBATCH-UPD
_b10
_c20130914
_lUCH01
_h1012
590 _aCONVERSION
_b10
_c20130109
_lUCH01
_h1313
650 1 4 _aColza
_xEfecto del medio ambiente.
_925503
650 1 4 _aColza
_xFechas de siembra.
_925506
901 _aBK
942 _cTESIS
949 _bBC
_cTES
_d-62370
_eTS1
_i26968
_si
999 _c21901
_d21901